000 00606nam a2200205 i 4500
001 97226
003 ES-MaACL
005 20260525062930.0
007 t|
008 050708s1956 sp ||||1| spa d
100 1 _aMarañón, Gregorio,
_d1887-1960
_976311
245 1 0 _aEnsayo biológico sobre Enrique IV de Castilla y su tiempo /
_cGregorio Marañon.
250 _a8ª ed.
260 _aMadrid :
_bEspasa-Calpe,
_c1956.
300 _a152 p. ;
_c18 cm.
490 1 _aColección austral ;
_v196
830 0 _aColección austral
_v196
_9177655
852 _aES-MaACL
_jC-11533
_bR.39598
999 _c97226
_d97226